Amendments to the cantonments act, 1924 task force report (Record no. 410885)

000 -LEADER
fixed length control field 00359cam a22001217a 4500
008 - FIXED-LENGTH DATA ELEMENTS--GENERAL INFORMATION
fixed length control field 180718b1973 xxu||||| |||| 00| 0 eng d
082 ## - DEWEY DECIMAL CLASSIFICATION NUMBER
Classification number N12203x54 In2 1924
245 ## - TITLE STATEMENT
Title Amendments to the cantonments act, 1924 task force report
260 ## - PUBLICATION, DISTRIBUTION, ETC.
Place of publication, distribution, etc.
Name of publisher, distributor, etc.
Date of publication, distribution, etc. 1973
300 ## - PHYSICAL DESCRIPTION
Extent 167p.
650 ## - SUBJECT ADDED ENTRY--TOPICAL TERM
Topical term or geographic name entry element Financing of Urban development.
650 ## - SUBJECT ADDED ENTRY--TOPICAL TERM
Topical term or geographic name entry element Planning of Urban development
Holdings
Withdrawn status Lost status Damaged status Not for loan Permanent Location Current Location Date acquired Full call number Barcode Date last seen Price effective from Koha item type
        Indian Institute of Public Administration Indian Institute of Public Administration 2009-01-22 N12203x54 In2 1924 D1890 2018-07-21 2018-07-21 D

Powered by Koha